000 00428nam a2200157Ia 4500
008 230312s9999||||xx |||||||||||||| ||und||
020 _a81-7656-456-6
082 _a005.1
_bCOU-M
100 _aCourter Gini
245 0 _aMicrosoft Office XP
260 _bBPB Publications
_aNew Delhi
_c2001
300 _a1349
546 _aEng.
650 _aComputer
_vHarnessing the Power of Office xp, Crunching data with excel
942 _cBK
999 _c3240
_d3240